00454nam a22001457a 45000050016000000200023000160350011000390370013000501000017000632450106000802600056001863000024002427000021002667000021002872012030901491.0 a8174730923c195.00 aB-6754 aDPLbENG aGupta, L. C. aRadiology and imaging for students and practioners /cby L C Gupta, Abhitabh Gupta and Abhishek Gupta aDelhibA.I.T.B.S. Publishers and Distributorsc1999 axiv, 294p.c20 cms. aGupta, Abhitabh  aGupta, Abhishek